Náhrada škody (ušlého zisku) spôsobenej porušením povinnosti verejného obstarávateľa alebo obstarávateľa

Možnosť uplatňovania náhrady škody spôsobenej neúspešným uchádzačom zo strany (verejného) obstarávateľa je dôležitou, a žiaľ, v praxi slovenských súdov stále neprebádanou a náročnou témou, v ktorej sa prelínajú súkromnoprávne prvky s prvkami verejnoprávnymi. O to viac zaujímavé je sledovať úniovú ro...

ver descrição completa

Na minha lista:
Detalhes bibliográficos
Autor principal: Havlová, Adéla
Outros Autores: Čipková, Jana
Formato: Capítulo de Livro
Idioma:eslovaco
Assuntos:
Tags: Adicionar Tag
Sem tags, seja o primeiro a adicionar uma tag!

MARC

LEADER 00000naa a2200000 4500
001 0294322
005 20240417075240.4
041 0 |a slo 
044 |a SK 
245 1 0 |a Náhrada škody (ušlého zisku) spôsobenej porušením povinnosti verejného obstarávateľa alebo obstarávateľa  |c Adéla Havlová, Jana Čipková 
520 |a Možnosť uplatňovania náhrady škody spôsobenej neúspešným uchádzačom zo strany (verejného) obstarávateľa je dôležitou, a žiaľ, v praxi slovenských súdov stále neprebádanou a náročnou témou, v ktorej sa prelínajú súkromnoprávne prvky s prvkami verejnoprávnymi. O to viac zaujímavé je sledovať úniovú rozhodovaciu prax (SD EÚ), ako i stúpajúce trendy podávania tohto typu žalôb v Českej republike. Cieľom nasledujúceho článku je oboznámiť čitateľov tak s možnosťou a spôsobom uplatnenia nárokov na náhradu škody (s dôrazom na ušlý zisk), ako aj s vývojom úniovej či českej (nedávnej) súdnej praxe, ktorá sa v poslednom období vyvíja smerom k uznávaniu nárokov poškodených uchádzačov. 
610 2 0 |a obstarávanie verejné 
610 2 0 |a náhrada škody 
610 2 0 |a úpravy právne 
610 2 0 |a súdy 
100 1 |a Havlová, Adéla 
700 1 |a Čipková, Jana